000 00290nam a22001337a 4500
008 170921b xxu||||| |||| 00| 0 eng d
020 _a9780534591038
041 _aeng
080 _24 ED
_a78
100 _a45
101 _aMUZ
245 _aWORLDS OF MUSIC
_cFUJI.L
942 _2udc
_cBK
999 _c28701
_d28701